01391nam a22002297a 450000500170000000800410001702000150005804000070007308200230008010000230010310000180012624500720014426000390021630000290025536500610028452006830034565000310102865000300105965000270108970000250111670000200114120230612103516.0230612b ||||| |||| 00| 0 eng d a812650000X cAL 223a0016424VbFROV aJohn W Fronckowiak dDavid J Helda aVisual Basic 6:bDatabase Programming for SQL Server 7 and Oracle 8 aNew DelhibIDG Books Pvt Ltdc1999 axxiv,997p.bPBc24x18cm. 2Computer Applications and Animationb450.00c₹d450.00 aThanks to Visual Basic 6, developing complete client/server database applications is easier than ever. If you′d like to take advantage of Visual Basic 6′s powerful database application development tools, we recommend you pick up a copy of Visual Basic 6 Database Programming. The book′s detailed instructions, practical, real–world examples, and expert insights make it the most comprehensive guide available on Visual Basic 6. Topics covered include DAO, RDO, ADO, ODBC, and OLE DB. The bonus CD–ROM features all the code samples from the book. You also get demo and trial versions of programs such as ButtonMaker, InputPro, Calendar Widgets, VBAssist, and much more. aClient Server Architecture aData Access Methodologies aQueries and Navigation aFRONCKOWIAK (John W) aHELDA (David J)